Nucleus education terminology : (Record no. 95329)

MARC details
000 -LEADER
fixed length control field 00585nam a22001817a 4500
005 - DATE AND TIME OF LATEST TRANSACTION
control field 20150923123656.0
010 ## - LCCN (DPL NO)
LC control number ENG-113728
020 ## - INTERNATIONAL STANDARD BOOK NUMBER
International Standard Book Number 9789383946129
Terms of availability 500.00
035 ## - SYSTEM CONTROL NUMBER
System control number EN- 97260
037 ## - SOURCE OF ACQUISITION
Source of stock number/acquisition DBAD/PUB
082 ## - DEWEY DECIMAL CLASSIFICATION NUMBER
Classification number 370
245 ## - TITLE STATEMENT
Title Nucleus education terminology :
Statement of responsibility, etc edited & compiled by Smita Rai
Remainder of title enhance your subjective word power /
260 ## - PUBLICATION, DISTRIBUTION, ETC. (IMPRINT)
Place of publication, distribution, etc Greater Noida
Name of publisher, distributor, etc Nucleus Books & Encyclopedia
Date of publication, distribution, etc 2015
270 ## - ADDRESS
Address 2nd Floor, B-31, Pocket P3
City Greater Noida
Postal code 201308
300 ## - PHYSICAL DESCRIPTION
Extent 244p.
Dimensions 22cm(pbk)
700 ## - ADDED ENTRY--PERSONAL NAME
Personal name Rai, Smita
942 ## - ADDED ENTRY ELEMENTS (KOHA)
Source of classification or shelving scheme Dewey Decimal Classification
Item type English Books
Call number suffix NUC
Classification part 370
Holdings
Withdrawn status Lost status Not for loan Collection code Home library Current library Date acquired Source of acquisition Cost, normal purchase price Full call number Barcode Copy number Cost, replacement price Koha item type
    Not For Loan Non-fiction D.B.Act.Division D.B.Act.Division 29/07/2015 DBAD/PUB 500.00 370 NUC EN-97260 1 500.00 English Books

© Delhi Public Library
Hit Counter
free hit counter